Most Expensive Football Transfers Winter 2025 - Statistics

General Stats
  • This quiz has been taken 50 times
  • The average score is 11 of 25
Answer Stats
From To Fee Player % Correct
Eintracht Frankfurt Manchester City €75.00m Omar Marmoush
100%
Napoli Paris Saint-Germain €70.00m Khvicha Kvaratskhelia
96%
Aston Villa Al-Nassr €77.00m Jhon Durán
94%
Paris Saint-Germain RB Leipzig €50.00m Xavi Simons
81%
Lens Manchester City €40.00m Abdukodir Khusanov
79%
Porto Manchester City €60.00m Nico González
75%
Borussia Dortmund Aston Villa €25.00m Donyell Malen
69%
Barcelona Palmeiras €25.50m Vitor Roque
69%
Feyenoord AC Milan €32.00m Santiago Gimenez
67%
Palmeiras Manchester City €37.00m Vitor Reis
65%
Lecce Manchester United €30.00m Patrick Dorgu
54%
Porto Al-Ahli €50.00m Galeno
38%
Marseille Eintracht Frankfurt €26.00m Elye Wahi
35%
Aston Villa Ipswich Town €23.70m Jaden Philogene
29%
Al-Nassr Rennes €20.00m Seko Fofana
27%
Botafogo Zenit St. Petersburg €33.00m Luiz Henrique
19%
Rennes Marseille €19.00m Amine Gouiri
15%
Reims Wolverhampton Wanderers €20.00m Emmanuel Agbadou
15%
Middlesbrough Atlanta United €21.25m Emmanuel Latte Lath
15%
Reims Wolverhampton Wanderers €18.00m Marshall Munetsi
15%
Atlético Mineiro Palmeiras €18.00m Paulinho
10%
1. FC Nuremberg Brighton & Hove Albion €25.00m Stefanos Tzimas
10%
Zenit St. Petersburg Al-Sadd €20.00m Claudinho
4%
Fluminense Shakhtar Donetsk €17.00m Kauã Elias
4%
AEK Athens Spartak Moscow €18.70m Levi García
4%
No matching quizzes found
Score Distribution
Percent of People with Each Score
Percentile by Number Answered
Your Score History
You have not taken this quiz